000
00270nam a22001217a 4500
999
_c
533656
_d
533656
020
_a
9780684841274
040
_c
dlc
082
_a
973.924092
100
_a
Stanley Kutler
_9
27607
245
_a
Abuse of Power: The New Nixon Tapes
300
_a
675p
942
_2
ddc
_c
BK